Характеристики аэрозольного облака, образующегося при микровзрывном разрушении двухжидкостной капли; Письма в Журнал технической физики; Т. 45, вып. 16

Dettagli Bibliografici
Parent link:Письма в Журнал технической физики
Т. 45, вып. 16.— 2019.— [С. 14-17]
Autore principale: Антонов Д. В. Дмитрий Владимирович
Ente Autore: Национальный исследовательский Томский политехнический университет Инженерная школа энергетики Научно-образовательный центр И. Н. Бутакова (НОЦ И. Н. Бутакова)
Altri autori: Кузнецов Г. В. Гений Владимирович, Стрижак П. А. Павел Александрович
Riassunto:Заглавие с экрана
Представлены результаты экспериментальных исследований процессов микровзрывной фрагментации двухжидкостных (вода и рапсовое масло) капель при нагреве в потоке воздуха с температурой от 250 до 450oC. В результате высокоскоростной видеорегистрации определены размеры, площадь внешней поверхности формирующегося аэрозольного облака, а также площадь свободной поверхности жидкости и выполнено их сравнение с аналогичными параметрами исходной капли. Установлены зависимости этих параметров от температуры нагрева и относительной концентрации (10-90 vol.%) горючего компонента в составе капли. Выделены условия получения асимптотического характера данных зависимостей. Ключевые слова: двухжидкостная капля, вода, рапсовое масло, микровзрывное разрушение.
Lingua:russo
Pubblicazione: 2019
Soggetti:
Accesso online:https://elibrary.ru/item.asp?id=41131206
Natura: MixedMaterials Elettronico Capitolo di libro
KOHA link:https://koha.lib.tpu.ru/cgi-bin/koha/opac-detail.pl?biblionumber=660778

MARC

LEADER 00000naa0a2200000 4500
001 660778
005 20250408132318.0
035 |a (RuTPU)RU\TPU\network\30777 
090 |a 660778 
100 |a 20191021d2019 k||y0rusy50 ca 
101 0 |a rus 
102 |a RU 
135 |a drcn ---uucaa 
181 0 |a i  
182 0 |a b 
200 1 |a Характеристики аэрозольного облака, образующегося при микровзрывном разрушении двухжидкостной капли  |f Д. В. Антонов, Г. В. Кузнецов, П. А. Стрижак 
203 |a Текст  |c электронный 
300 |a Заглавие с экрана 
320 |a [Библиогр.: с. 17 (10 назв.)] 
330 |a Представлены результаты экспериментальных исследований процессов микровзрывной фрагментации двухжидкостных (вода и рапсовое масло) капель при нагреве в потоке воздуха с температурой от 250 до 450oC. В результате высокоскоростной видеорегистрации определены размеры, площадь внешней поверхности формирующегося аэрозольного облака, а также площадь свободной поверхности жидкости и выполнено их сравнение с аналогичными параметрами исходной капли. Установлены зависимости этих параметров от температуры нагрева и относительной концентрации (10-90 vol.%) горючего компонента в составе капли. Выделены условия получения асимптотического характера данных зависимостей. Ключевые слова: двухжидкостная капля, вода, рапсовое масло, микровзрывное разрушение. 
461 |t Письма в Журнал технической физики 
463 |t Т. 45, вып. 16  |v [С. 14-17]  |d 2019 
610 1 |a электронный ресурс 
610 1 |a труды учёных ТПУ 
610 1 |a вода 
610 1 |a капля 
610 1 |a аэрозольные облака 
700 1 |a Антонов  |b Д. В.  |c специалист в области теплоэнергетики  |c инженер-исследователь Томского политехнического университета  |f 1996-  |g Дмитрий Владимирович  |3 (RuTPU)RU\TPU\pers\46665 
701 1 |a Кузнецов  |b Г. В.  |c специалист в области теплоэнергетики  |c профессор Томского политехнического университета, доктор физико-математических наук  |f 1949-  |g Гений Владимирович  |3 (RuTPU)RU\TPU\pers\25528  |9 11458 
701 1 |a Стрижак  |b П. А.  |c специалист в области теплоэнергетики  |c профессор Томского политехнического университета, доктор физико-математических наук  |f 1985-  |g Павел Александрович  |3 (RuTPU)RU\TPU\pers\25983  |9 11832 
712 0 2 |a Национальный исследовательский Томский политехнический университет  |b Инженерная школа энергетики  |b Научно-образовательный центр И. Н. Бутакова (НОЦ И. Н. Бутакова)  |3 (RuTPU)RU\TPU\col\23504 
801 2 |a RU  |b 63413507  |c 20201119  |g RCR 
856 4 |u https://elibrary.ru/item.asp?id=41131206 
942 |c CF